Isaac and Jacob : (Record no. 14)

MARC details
000 -LEADER
fixed length control field 00847cam a2200265 a 4500
001 - CONTROL NUMBER
control field 2823876
003 - CONTROL NUMBER IDENTIFIER
control field GBCCL
005 - DATE AND TIME OF LATEST TRANSACTION
control field 20241126110327.0
008 - FIXED-LENGTH DATA ELEMENTS--GENERAL INFORMATION
fixed length control field 830824s1982 tnu 000 0ceng
010 ## -
-- 83017457
020 ## - INTERNATIONAL STANDARD BOOK NUMBER
International Standard Book Number 0840758537 (pbk.) :
Terms of availability $4.95
040 ## - CATALOGING SOURCE
Original cataloging agency DLC
Transcribing agency DLC
Modifying agency DLC
050 00 -
-- BS580.I67
-- W34 1983
082 00 - DEWEY DECIMAL CLASSIFICATION NUMBER
Classification number 222.11092
Edition information 19
Item number WAL
100 1# - MAIN ENTRY--PERSONAL NAME
Personal name Wallace, Ronald S.
9 (RLIN) 1805
245 10 - TITLE STATEMENT
Title Isaac and Jacob :
Remainder of title Genesis 24-36 /
Statement of responsibility, etc. Ronald S. Wallace.
260 ## - PUBLICATION, DISTRIBUTION, ETC.
Place of publication, distribution, etc. Nashville :
Name of publisher, distributor, etc. T. Nelson Publishers,
Date of publication, distribution, etc. 1982.
300 ## - PHYSICAL DESCRIPTION
Extent xiv, 144 p. ;
Dimensions 21 cm.
600 00 - SUBJECT ADDED ENTRY--PERSONAL NAME
Personal name Isaac
Titles and other words associated with a name (Biblical patriarch)
9 (RLIN) 8085
600 00 - SUBJECT ADDED ENTRY--PERSONAL NAME
Personal name Jacob
Titles and other words associated with a name (Biblical patriarch)
9 (RLIN) 633
630 00 - SUBJECT ADDED ENTRY--UNIFORM TITLE
Uniform title Bible.
Name of part/section of a work Genesis, XXIV-XXXVI
Form subdivision Biography.
9 (RLIN) 8086
650 #0 - SUBJECT ADDED ENTRY--TOPICAL TERM
Topical term or geographic name entry element Patriarchs (Bible)
Form subdivision Biography.
9 (RLIN) 635
906 ## - LOCAL DATA ELEMENT F, LDF (RLIN)
a 7
b cbc
c orignew
d 1
e ocip
f 19
g y-gencatlg
942 ## - ADDED ENTRY ELEMENTS (KOHA)
Source of classification or shelving scheme Dewey Decimal Classification
Koha item type Books
Koha issues (borrowed), all copies 1
Holdings
Withdrawn status Lost status Source of classification or shelving scheme Damaged status Not for loan Home library Current Library Shelving location Date acquired Total checkouts Full call number Barcode Date last seen Date last checked out Copy number Price effective from Koha item type
    Dewey Decimal Classification     GRACE BIBLE COLLEGE GRACE BIBLE COLLEGE Biblical Studies 2016-05-09 1 222.11092 WAL 001023 2025-05-01 2022-09-09 c.1 2016-05-09 Books
© Grace Bible College Library 2025